000 00605nab#a2200205#c#4500
999 _c121998
_d121998
003 IEF
005 20191211123156.0
008 950704s1975 uuu|| #####0 b| |u
040 _aIEF
_cES-MaIEF
100 1 _aFrey, Bruno S.
_916609
245 _aUna teoría dinámica de los bienes públicos
_c Bruno S. Frey
260 _aMadrid
_b Instituto de Estudios Fiscales [IEF]
_c1975
500 _aBibliografía
650 4 _aBIENES PUBLICOS
_933416
650 4 _aTEORIA ECONOMICA
_948552
773 0 _tHacienda pública española
_w34570
_g34, p. 206-212
942 _2udc
942 _2udc